Lehké prsty intermezzo pro 1 nebo 2 akordeony s doprovodnou skupinou /

Hlavní autor: Langer, Adolf, 1910-1986
Jazyk: Nelze použít, není lingvistický obsah
Vydáno: Praha : Supraphon, 1976
Vydání: 1. vyd.
Fyzický popis: 5 s.
Hudebniny Hudebniny
Uloženo v:
LEADER 00612ncm a22002052a 4500
001 000791633
003 CZ BrMZK
005 20120319085018.0
007 qu
008 051004s1976 xr |||||r|||||||| zxx d
040 |a BOA001  |b cze  |c BOA001 
072 7 |a 786  |x Hudba pro klávesové nástroje  |2 Konspekt  |9 9 
100 1 |a Langer, Adolf,  |d 1910-1986  |7 jk01071514  |4 cmp 
245 1 0 |a Lehké prsty  |h [hudebnina] :  |b intermezzo pro 1 nebo 2 akordeony s doprovodnou skupinou /  |c Adolf Langer 
250 |a 1. vyd. 
260 |a Praha :  |b Supraphon,  |c 1976 
300 |a 5 s. 
910 |a BOA001  |b Mus4-0753.552 
990 |a MU 
991 |b 200510